| 000 | 01023nam a2200301 a 4500 | ||
|---|---|---|---|
| 003 | CO-ViMGA | ||
| 005 | 20230915233552.0 | ||
| 008 | 080825s2005 ck a jr 0001j spa d | ||
| 015 | _ack-2005-xxxx | ||
| 020 | _a9589759114 | ||
| 040 |
_aCO-ViMGA _bspa _cCO-ViMGA |
||
| 043 | _as-ck--- | ||
| 082 | 0 | 4 |
_aBERad _bB37a _221 |
| 100 | 1 |
_aBernal Pinilla, Luis Darío, _d1950- _98016 |
|
| 245 | 1 | 0 |
_aAdivinanzas, risas y chanzas : _bpoesía para niños / _cLuis Darío Bernal Pinilla ; ilustraciones Claudia Rueda. |
| 250 | _aEditor Andrés Olivos Lombana. | ||
| 260 | 3 |
_aBogotá : _bEdiciones B : _bGrupo Zeta, _c2005. |
|
| 300 |
_a42 p. : _bil. ; _c23 cm. |
||
| 440 | 0 |
_aGrillito cantor _910774 |
|
| 650 | 1 | 4 |
_aAdivinanzas. _9843 |
| 650 | 1 | 4 |
_aCanciones infantiles. _9614 |
| 650 | 1 | 4 |
_aMascotas _v Poesías. _97550 |
| 650 | 1 | 4 |
_aPoesía infantil colombiana. _92451 |
| 650 | 6 |
_aVillancicos. _910775 |
|
| 700 | 1 |
_aRueda, Claudia, _eil. _98000 |
|
| 942 |
_2ddc _cBK |
||
| 949 |
_ac _bc |
||
| 999 |
_c36823 _d36823 |
||